000 00304nam a22001337a 4500
008 170609b xxu||||| |||| 00| 0 eng d
020 _a0201487095001
041 _aeng
080 _a327
100 _a19
101 _aSHP
245 _aTERRORISM CHALLENG TO DEMOCRACY
_cBARBER.B.R
942 _2udc
_cBK
999 _c16791
_d16791